Adèle - Paroles Someone Like You - Statistiques

Statistiques générales
  • Ce quiz a été pris 1 147 fois
  • Le résultat moyen est 246 sur 334
Statistiques - réponses
Hint Réponse % Correct
Couplet 1 | Pré-refrain I
99%
you
99%
you,
99%
Couplet 2 You
99%
so
96%
like
95%
a
93%
no
93%
someone
93%
me,
91%
me,"
91%
for
90%
the
90%
be
89%
to
89%
that
88%
That
88%
best
87%
But
87%
but
87%
find
87%
heard
87%
Refrain Never
87%
wish
87%
your
85%
and
84%
And
84%
nothing
84%
Bridge Nothing
84%
"Don't
83%
girl
82%
remember
82%
forget
81%
came
80%
dreams
80%
it
80%
married
80%
"Sometimes
80%
sometimes
80%
true
80%
down
79%
found
78%
in
78%
mind,
78%
now
78%
said
77%
love,
76%
you're
74%
are
73%
I'll
73%
too
72%
hurts
71%
why
70%
give
69%
shy?
68%
beg
66%
friend,
66%
instead"
66%
she
66%
settled
65%
Old
64%
gave
63%
of
63%
over
63%
stay
63%
things,
63%
blue,
61%
my
61%
away,
60%
couldn't
60%
didn't
60%
turn
60%
isn't
58%
know
58%
hate
57%
time
57%
We
57%
Who
57%
face
56%
back
55%
see
55%
was
55%
lasts
53%
up
53%
from
52%
Guess
52%
how
52%
yesterday
52%
hold
51%
our
51%
flies
50%
were
50%
lives
49%
Only
49%
have
48%
compares,
46%
out
46%
glory
45%
or
45%
born
44%
would
44%
Ain't
43%
days
43%
memories
43%
worries
43%
fight
42%
hoped
42%
summer
42%
uninvited
42%
by
41%
this
41%
made
40%
mistakes,
39%
Regrets
39%
reminded
39%
surprise
39%
you'd
39%
hide
37%
light
37%
raised
37%
had
34%
bittersweet
30%
Bound
29%
known
27%
taste?
27%
cares
26%
haze
26%
begged
25%
they're
19%
Aucun quiz correspondant
Distribution des résultats
% des personnes avec chaque résultat
Percentile par nombre de réponses
Votre historique - résultats
Vous n’avez pas pris ce quiz